| 000 -LEADER |
| fixed length control field |
00830nam a22001937a 4500 |
| 003 - CONTROL NUMBER IDENTIFIER |
| control field |
OSt |
| 005 - DATE AND TIME OF LATEST TRANSACTION |
| control field |
20190104072340.0 |
| 008 - FIXED-LENGTH DATA ELEMENTS--GENERAL INFORMATION |
| fixed length control field |
180312b xxu||||| |||| 00| 0 spa d |
| 040 ## - CATALOGING SOURCE |
| Transcribing agency |
PJ |
| 100 ## - MAIN ENTRY--PERSONAL NAME |
| 9 (RLIN) |
368 |
| Personal name |
Gargaglione de Yaryura Tobías, Elvira Lucía |
| 245 13 - TITLE STATEMENT |
| Title |
El cambio social : |
| Remainder of title |
una contribución a su estudio / |
| Statement of responsibility, etc |
Elvira Lucía Gargaglione de Yaryura Tobías. |
| 260 ## - PUBLICATION, DISTRIBUTION, ETC. (IMPRINT) |
| Place of publication, distribution, etc |
Buenos Aires : |
| Name of publisher, distributor, etc |
Abeledo-Perrot, |
| Date of publication, distribution, etc |
1980. |
| 300 ## - PHYSICAL DESCRIPTION |
| Extent |
78 p. |
| Dimensions |
23 cm. |
| 500 ## - GENERAL NOTE |
| General note |
Bibliografía y notas a pie de página. |
| 505 ## - FORMATTED CONTENTS NOTE |
| Formatted contents note |
Contenido:<br/>I. Los enfoques tradicionales -- II. La sociología como ciencia -- III. Construcción de un modelo científico para el estudio del cambio social -- IV. Algunas observaciones generalizadas. |
| 650 #0 - SUBJECT ADDED ENTRY--TOPICAL TERM |
| 9 (RLIN) |
1912 |
| Topical term or geographic name as entry element |
CIENCIAS SOCIALES |
| 650 #0 - SUBJECT ADDED ENTRY--TOPICAL TERM |
| 9 (RLIN) |
247 |
| Topical term or geographic name as entry element |
SOCIOLOGIA |
| 942 ## - ADDED ENTRY ELEMENTS (KOHA) |
| Source of classification or shelving scheme |
|
| Koha item type |
Libros |
| Classification part |
316 |
| Item part |
GAR |